Responses for Show #1918 - Wednesday, December 30, 1992

Jack Mahoney game 4.

Contestants

[<< previous game]

Theresa Wrobel, a housewife and student from Kansas City, Missouri

Fred Glasser, an attorney from Orange, California

Jack Mahoney, an actor originally from Newport, Rhode Island (whose 3-day cash winnings total $21,104)

[next game >>]

Jeopardy! Round responses

LONDON
SONG LYRICS
FOOD & DRINK
SICKNESS & HEALTH
GAMBLING
"HO"-POURRI
(Alex: We've featured POTPOURRI. Today we feature [*], with "H-O" in quotation marks. Those two letters will appear in each correct response.)
    $100 6
the Thames

Jack
    $100 21
(Jack: What is your eye?)
...
(Alex: ...from Oklahoma!)

an elephant's eye

Jack
Triple Stumper
    $100 12
pigs' feet

Fred
    $100 8
caffeine

Jack
    $100 1
2

Jack
    $100 14
a hoe-down

Jack
    $200 7
Westminster Abbey

Fred
    $200 22
(Jack: What is nice?)
[Laughter]
(Fred: What is lovely?)

a long, long time

JackFred
Triple Stumper
    $200 23
frogs' legs

Jack
    $200 13
the heart

Jack
    $200 2
a slot machine

Jack
    $200 15
Homo sapiens

Jack
    $300 9
Victoria

Jack
    $300 27
Ohio

Fred
    $300 24
vermouth

Jack
    $300 17
cauliflower ear

Fred
    $300 3
the queen

Fred
    $300 16
Don Ho

Fred
    $400 10
(Jack: What is Winchester Cathedral?)
(Fred: What is Westminster Abbey?)

St. Paul's Cathedral

JackFredTheresa
    $400 29
the child

Jack
    $400 25
cheese

Jack
    $400 18
(Theresa: What is multiple sclerosis?)

muscular dystrophy

JackTheresa
    $400 4
(Alex: Yes. There is a zero and a double zero.)

36

Jack
    $400 19
hocus-Pocus

Jack
    $500 11
(Alex: [Delighted] Theresa, am I detecting an English accent?)
(Theresa: A very slight one, yes.)
(Alex: A very slight one. Well, then, you should feel very comfortable in this category, LONDON. You can risk up to $500, since this is a Daily Double.)

St. James

Theresa
    $500 30
(Alex: Yes, and I think you began your response just before time ran out on you.)

the bayou

Fred
    $500 26
(Alex: It might have been the time to take a guess.)

the Andes

Triple Stumper
    $500 28
calamine

Fred
    $500 5
(Fred: What is the Tropicana?)

the Flamingo

Fred
Triple Stumper
    $500 20
Holsteins

Jack

Scores at the first commercial break (after clue 11):

Jack Fred Theresa
$800 -$400 $900

Scores at the end of the Jeopardy! Round:

Jack Fred Theresa
$3,600 $1,400 $500

Double Jeopardy! Round responses

THE ANCIENT WORLD
LANGUAGES
FOUNDERS
STRINGED INSTRUMENTS
POETS & POETRY
HAIL TO THE CHIEF
    $200 8
Christianity

Jack
    $200 18
Dutch

Jack
    $200 19
Louisiana

Jack
    $200 11
the guitar

Fred
    $200 1
Robert Burns

Jack
    $200 2
(James) Polk

Jack
    $400 9
Egypt

Jack
    $400 23
Basque

Theresa
    $400 20
United Artists

Fred
    $400 12
(Jack: What is a ukulele?)
...
(Alex: I think it's been a while since we've seen Steve perform on [*].)

the banjo

Jack
Triple Stumper
    $400 6
Joyce Kilmer

Jack
    $400 3
Lyndon Johnson

Jack
    $600 10
Sparta

Fred
    $600 24
Hungary

Theresa
    $600 21
(Carl) Jung

Jack
    $600 13
Stradivarius

Jack
    $600 27
Emily Dickinson

Jack
    $600 4
Andrew Jackson

Jack
    $800 14
Hadrian

Jack
    $800 25
(Fred: What is Arabic?)
(Jack: What is Hindustani?)
(Theresa: What is Parsi?)

Urdu

JackFredTheresa
Triple Stumper
    $800 22
the Rijksmuseum

Theresa
    $800 16
the lute

Triple Stumper
    $800 29
(Alex: Not "All quiet along the western front." "All quiet along [*].")

the Potomac

Triple Stumper
    $800 5
Thomas Jefferson & John Adams

Theresa
    $1000 15
the Persian Empire

Fred
    $2,300 26
Russian

Theresa
    $1000 28
the Sons of Liberty

Jack
    $1000 17
(Fred: What is the spinet?)

the zither

Fred
Triple Stumper
    $1000 30
Shelley

Theresa
    $2,700 7
(Alex: You're right. It took you no time at all. Have you been studying the presidents?)
[Jack shakes his head innocently.]
(Alex: No? You just know them that well. Well, nicely done. Go again.)
(Jack: For months.)
[Laughter]

Arthur

Jack

Scores at the end of the Double Jeopardy! Round:

Jack Fred Theresa
$11,500 $1,800 $5,600
(lock game)

[wagering suggestions for these scores]

Final Jeopardy! Round responses

FAMOUS NAMES
(Alex: Well, we all know that encyclopedias arrange their material in alphabetical order, so volume 1 should have to do with the "A"s. Oops! Someone may have forgotten about that.)
...
(Alex: You will recall that Danny Clay--Danny Kaye played him in a movie. [Sings and dances] "I'm [*].")
FredWho is Will Rogers
$1,699
TheresaWho is Laurence Olivier
$5,500
JackWho was Bing Crosby?
$200
Hans Christian Andersen

Final scores:

Jack Fred Theresa
$11,300 $101 $100
4-day champion: $32,404 2nd place: Broyhill 6-piece cherry bedroom + Waverly Home Fashions Nantucket Collection bedding ensemble + Jeopardy! home edition 3rd place: Samsung remote-control 4-head VCR with on-screen programming + Wheel of Fortune & Jeopardy! for the 16-bit Super Nintendo Entertainment System & Sega Genesis system + Jeopardy! home edition

Game dynamics:

Coryat scores:

Jack Fred Theresa
$9,800 $1,800 $4,300
31 R
(including 1 DD),
5 W
12 R,
5 W
8 R
(including 2 DDs),
2 W

Combined Coryat: $15,900

[game clues] [game scores] [suggest correction]

Game tape date: 1992-09-15
The J! Archive is created by fans, for fans. Scraping, republication, monetization, and malicious use prohibited; this site may use cookies and collect identifying information. See terms. The Jeopardy! game show and all elements thereof, including but not limited to copyright and trademark thereto, are the property of Jeopardy Productions, Inc. and are protected under law. This website is not affiliated with, sponsored by, or operated by Jeopardy Productions, Inc. Join the discussion at JBoard.tv.